Blood money (Record no. 549336)
[ view plain ]
| 000 -LEADER | |
|---|---|
| fixed length control field | 01305cam a2200193 a 4500 |
| 082 04 - DEWEY DECIMAL CLASSIFICATION NUMBER | |
| Classification number | 823 |
| Author Mark | IGN |
| 100 1# - MAIN ENTRY--PERSONAL NAME | |
| Personal name | Nowell, Richard. |
| 9 (RLIN) | 45946 |
| 245 10 - TITLE STATEMENT | |
| Title | Blood money |
| Remainder of title | a history of the first teen slasher film cycle / |
| Statement of responsibility, etc. | Richard Nowell. |
| 260 ## - PUBLICATION, DISTRIBUTION, ETC. | |
| Place of publication, distribution, etc. | New York : |
| Name of publisher, distributor, etc. | Continuum, |
| Date of publication, distribution, etc. | 2011. |
| 300 ## - PHYSICAL DESCRIPTION | |
| Extent | xii, 287 p. : |
| Other physical details | ill. |
| 505 0# - FORMATTED CONTENTS NOTE | |
| Formatted contents note | Introduction : co-ed frenzy -- "There's more than one way to lose your heart" : the teen slasher film-type, production strategies, and film cycle -- A slay-ride to small-town, U.S.A : the advent of the teen slasher film, Black Christmas (1974) and Halloween (1978) -- "They were warned, they are doomed" : the United States, the development of the teen slasher film, and Friday the 13th (1980) -- Murder on the dance-floor : Canada, the development of the teen slasher film, and Prom night (1980) -- The animal house on sorority row : boom and bust, and the establishment of the teen slasher film, 1980-1981 -- Conclusion : time after time. |
| 526 ## - STUDY PROGRAM INFORMATION NOTE | |
| Program name | 0 |
| Interest level | 0 |
| Reading level | 0 |
| Title point value | 823_000000000000000_IGN |
| 650 #0 - SUBJECT ADDED ENTRY--TOPICAL TERM | |
| Topical term or geographic name entry element | MCE |
| 9 (RLIN) | 379 |
| 650 #0 - SUBJECT ADDED ENTRY--TOPICAL TERM | |
| Topical term or geographic name entry element | Slasher films |
| Geographic subdivision | Canada |
| General subdivision | History and criticism. |
| 9 (RLIN) | 45947 |
| 650 #0 - SUBJECT ADDED ENTRY--TOPICAL TERM | |
| Topical term or geographic name entry element | Slasher films |
| Geographic subdivision | United States |
| General subdivision | History and criticism. |
| 9 (RLIN) | 45948 |
| 710 2# - ADDED ENTRY--CORPORATE NAME | |
| Corporate name or jurisdiction name as entry element | ebrary, Inc. |
| 9 (RLIN) | 622 |
| 856 40 - ELECTRONIC LOCATION AND ACCESS | |
| Uniform Resource Identifier | <a href="http://www.columbia.edu/cgi-bin/cul/resolve?clio9175048">http://www.columbia.edu/cgi-bin/cul/resolve?clio9175048</a> |
| 942 ## - ADDED ENTRY ELEMENTS (KOHA) | |
| Source of classification or shelving scheme | |
| Koha item type | Book |
| Withdrawn status | Lost status | Source of classification or shelving scheme | Damaged status | Not for loan | Permanent Location | Current Location | Date acquired | Total Checkouts | Full call number | Barcode | Date last seen | Date last checked out | Price effective from | Koha item type |
|---|---|---|---|---|---|---|---|---|---|---|---|---|---|---|
| Military College of Engineering (MCE) | Military College of Engineering (MCE) | 09/23/2014 | 7 | 823 IGN | MCE-46251 | 12/09/2020 | 12/09/2020 | 09/23/2014 | Book |
